[Event "Kalyan op 2nd"]
[Site "Kalyan"]
[Date "2019.02.01"]
[Round "7"]
[White "Soni, Deepak R"]
[Black "Shreyas, Ghadi"]
[Result "0-1"]
[WhiteElo "1425"]
[BlackElo "1653"]
[PlyCount "64"]
[EventDate "2019.01.29"]
[EventType "swiss"]
[EventRounds "10"]
[EventCountry "IND"]
[SourceTitle "CBM 188 Extra"]
[Source "ChessBase"]
[SourceDate "2019.02.26"]
[SourceVersion "1"]
[SourceVersionDate "2019.02.26"]
[SourceQuality "1"]

1. d4 Nf6 2. Nf3 e6 3. Bf4 b6 4. e3 Bb7 5. Nbd2 c5 6. c3 Nc6 7. Bd3 Be7 8. h3 0-0 9. Rc1 h6 10. Bb1 Nd5 11. Bh2 Rc8 12. e4 Nc7 13. Qc2 cxd4 14. Bxc7 Qxc7 15. cxd4 Qb8 16. Qd1 Ba6 17. a3 d5 18. Rc3 e5 19. Bd3 Bxd3 20. Rxd3 dxe4 21. Nxe4 f5 22. Ng3 e4 23. d5 Na5 24. Re3 Bc5 25. Nd4 f4 26. Ngf5 fxe3 27. Qg4 Qe5 28. Nxh6+ Kh7 29. Nhf5 Bxd4 30. Qh4+ Kg8 31. Ne7+ Qxe7 32. Qxe7 Rc1+ 0-1

[Event "Mumbai Wealth op U13 4th"]
[Site "Mumbai"]
[Date "2019.01.03"]
[Round "5"]
[White "Shreyas, Ghadi"]
[Black "Tikam, Aradhya"]
[Result "1-0"]
[WhiteElo "1653"]
[BlackElo "1332"]
[PlyCount "149"]
[EventDate "2018.12.30"]
[EventType "swiss"]
[EventRounds "9"]
[EventCountry "IND"]
[SourceTitle "CBM 188 Extra"]
[Source "ChessBase"]
[SourceDate "2019.02.26"]
[SourceVersion "1"]
[SourceVersionDate "2019.02.26"]
[SourceQuality "1"]

1. d4 Nf6 2. c4 g6 3. Nc3 d5 4. cxd5 Nxd5 5. Bd2 Bg7 6. e4 Nxc3 7. Bxc3 b6 8. Nf3 Bb7 9. Qc2 Nd7 10. Bc4 0-0 11. e5 e6 12. 0-0-0 Qe7 13. h4 h5 14. Qe2 a6 15. a3 b5 16. Ba2 Rfc8 17. b4 Nb6 18. Kb1 Nd5 19. Bxd5 Bxd5 20. Rdg1 Bc4 21. Qe3 f5 22. exf6 Qxf6 23. Kb2 Bd5 24. Rh3 Rf8 25. Rc1 c6 26. Rc2 Qf4 27. Qe1 Rae8 28. Re2 Qd6 29. Ne5 Bxe5 30. dxe5 Qd7 31. Rg3 Kh7 32. Rg5 Rg8 33. Qb1 Rg7 34. Rxh5+ Kg8 35. Rg5 Qf7 36. Rg4 Qf5 37. Qxf5 gxf5 38. Rxg7+ Kxg7 39. g3 Kg6 40. Rd2 Kf7 41. Bd4 Rg8 42. Be3 Kg6 43. Kc3 Ra8 44. Bb6 Rb8 45. Ba5 Kf7 46. Kd4 Ke7 47. Bc7 Rb7 48. Bd6+ Kf7 49. Kc5 Kg6 50. Rd4 Kh5 51. Rf4 Be4 52. g4+ Kg6 53. f3 Bd5 54. gxf5+ exf5 55. e6 Bxe6 56. Kxc6 Rd7 57. Rd4 Rh7 58. Bc7 Rh8 59. Bd8 Kf7 60. Kb7 Rh6 61. Bg5 Rg6 62. f4 Bc4 63. h5 Re6 64. Rd7+ Ke8 65. Rd8+ Kf7 66. h6 Kg6 67. Rd7 Re8 68. Rg7+ Kh5 69. h7 Bd5+ 70. Kxa6 Rh8 71. Kxb5 Rb8+ 72. Ka6 Bc4+ 73. Ka7 Rh8 74. Rc7 Be6 75. Bf6 1-0

[Event "Mumbai Wealth op U13 4th"]
[Site "Mumbai"]
[Date "2019.01.01"]
[Round "3"]
[White "Shreyas, Ghadi"]
[Black "Gukesh, Dommaraju"]
[Result "0-1"]
[WhiteElo "1653"]
[BlackElo "2466"]
[PlyCount "128"]
[EventDate "2018.12.30"]
[EventType "swiss"]
[EventRounds "9"]
[EventCountry "IND"]
[SourceTitle "CBM 188 Extra"]
[Source "ChessBase"]
[SourceDate "2019.02.26"]
[SourceVersion "1"]
[SourceVersionDate "2019.02.26"]
[SourceQuality "1"]

1. d4 Nf6 2. c4 g6 3. Nc3 Bg7 4. e4 d6 5. Nf3 0-0 6. Be2 Na6 7. 0-0 e5 8. Be3 Qe8 9. dxe5 dxe5 10. h3 Nd7 11. a3 Ndc5 12. b4 Ne6 13. Rc1 Nb8 14. Ng5 Nd4 15. Nd5 Qd8 16. Nf3 Nbc6 17. Bxd4 Nxd4 18. Nxd4 exd4 19. Bg4 c6 20. Bxc8 Rxc8 21. Nf4 Bh6 22. Qf3 Qf6 23. g3 c5 24. b5 Rfe8 25. Rfe1 Rcd8 26. Rcd1 Bxf4 27. Qxf4 Qe6 28. Qc7 Qxc4 29. Rc1 Qxb5 30. Qxc5 Qxc5 31. Rxc5 d3 32. Rc4 Rc8 33. Rd4 Red8 34. Rxd8+ Rxd8 35. Rd1 d2 36. Kf1 Rd3 37. Ke2 Rxa3 38. Rxd2 b5 39. Rb2 a6 40. Kd1 Rc3 41. Ra2 Rc6 42. Kd2 Kf8 43. Kd3 Ke7 44. Kd4 Kd6 45. f4 Rc4+ 46. Ke3 Ra4 47. Rd2+ Kc6 48. f5 b4 49. fxg6 hxg6 50. Kd4 Ra3 51. Kc4 a5 52. Rf2 Rc3+ 53. Kd4 Rxg3 54. Rf6+ Kb5 55. Rxf7 Rxh3 56. e5 Rh1 57. e6 Re1 58. Kd5 b3 59. Rb7+ Ka4 60. Kd6 Ka3 61. Kd7 b2 62. e7 a4 63. e8Q Rxe8 64. Kxe8 Ka2 0-1